Cambridge certificate in advanced English 4 : Student's book
This collection of four complte practice tests comprises past papers from the Cambridge Certificate in Advanced English examination, specially adapted by the University of Cambridge Local Examinations Syndicate to reflect the most recent CAE specifications.
में बचाया:
| मुख्य लेखक: | |
|---|---|
| स्वरूप: | पुस्तक |
| भाषा: | Undetermined |
| प्रकाशित: |
Cambridge, UK
Cambridge Univ. Press
2000
|
| विषय: | |
| टैग : |
टैग जोड़ें
कोई टैग नहीं, इस रिकॉर्ड को टैग करने वाले पहले व्यक्ति बनें!
|
| Thư viện lưu trữ: | Trung tâm Học liệu Trường Đại học Cần Thơ |
|---|
| LEADER | 00967nam a2200229Ia 4500 | ||
|---|---|---|---|
| 001 | CTU_42297 | ||
| 008 | 210402s9999 xx 000 0 und d | ||
| 020 | |b 182.000đ | ||
| 082 | |a 428 | ||
| 082 | |b C289sa/T.4 | ||
| 100 | |a Carne, Paul | ||
| 245 | 0 | |a Cambridge certificate in advanced English 4 : | |
| 245 | 0 | |b Student's book | |
| 245 | 0 | |c Paul Carne, Barbara Thomas, Louise Hashemi | |
| 260 | |a Cambridge, UK | ||
| 260 | |b Cambridge Univ. Press | ||
| 260 | |c 2000 | ||
| 520 | |a This collection of four complte practice tests comprises past papers from the Cambridge Certificate in Advanced English examination, specially adapted by the University of Cambridge Local Examinations Syndicate to reflect the most recent CAE specifications. | ||
| 650 | |a English language,English language,English language | ||
| 650 | |x Examinations,Study and teaching,Textbooks for foreign speakers | ||
| 904 | |i Minh | ||
| 980 | |a Trung tâm Học liệu Trường Đại học Cần Thơ | ||